Eşitsiz bir toplumda çocukluk: Çocuğun ''iyi olma hali''ni anlamak (Record no. 2109)

MARC details
000 -BAŞLIK
Sabit Uzunlukta Kontrol Alanı 01224na a2200373 4500
001 - KONTROL NUMARASI
Denetim Alanı 23381
003 - KONTROL NUMARASI IDENTIFIER
Denetim Alanı MIRAKIL
005 - SON İŞLEM TARİHİ VE ZAMANI
Denetim Alanı 20181213154845.0
008 - SABİT-BOY VERİ ELEMANLARI - GENEL BİLGİLER
Sabit Uzunlukta Kontrol Alanı 170919b tu 000 0
020 ## - ULUSLARARASI STANDART KİTAP NUMARASI
Uluslararası Standart Kitap Numarası 9786053992349
040 ## - KATALOGLAMA KAYNAK
Orijinal Kataloglama Ajansı Milas
Kataloglama Dili tur
Metne Dönüştürmek Ajansı TR-AnCHP
041 ## - DİL KODU
Metin / Ses Parça Veya Ayrı Başlığın Dil Kodu tur
082 ## - DEWEY ONLU SINIFLANDIRMA NUMARASI
Sınıflandırma Numarası 362.07
Ürün Numarası S35e 2012
090 ## - SINIFLAMA NUMARASI
Sınıflama Numarası 362.07 S35e 2012
100 ## - ANA GİRİŞ - KİŞİSEL İSİM
Kişisel Ad Semerci, Pınar Uyan
245 ## - BAŞLIK TABLOSU
Başlık Eşitsiz bir toplumda çocukluk: Çocuğun 'iyi olma hali'ni anlamak
Başlığın Kalan İstanbul örneği
Sorumluluk Tablosu, Vb Pınar Uyan Semerci...[ve öte]
246 ## - UNVAN FORM VARYING
Başlık Doğru / Kısa Başlığı İstanbul örneği
260 ## - YAYIN, DAĞITIM, VB
Yayın, Dağıtım, Vb Yeri İstanbul
Yayıncı, Dağıtıcı, Vs Adı İstanbul Bilgi Üniversitesi
Yayın, Dağıtım, Vb Tarihi 2012
Üretici Firma sena ofset
300 ## - FİZİKSEL TANIM
Kapsam 262 s.
Diğer Fiziksel Ayrıntıları Çiz., tbl.
Boyutlar 30 sm.
440 ## - SERİSİ TABLOSU / KATMA GİRİŞİ - BAŞLIK
Başlık İstanbul Bilgi Üniversitesi Yayınları
Hacim / Ardışık Tanımı 390
490 ## - SERİSİ TABLOSU
Seri Beyanı İnsan Hakları Hukuku Çalışmaları
Hacim / Ardışık Tanımı 16
504 ## - KAYNAKÇA VB NOT
Kaynakça Vb Notu Kaynakça ve dizin var.
650 ## - KONU KATMA GİRİŞ - TOPİKAL DÖNEM
Topikal Süreli Veya Coğrafi Ad Giriş Elemanı Çocuklar
Genel Alt Bölümü Toplumsal sorunlar
650 ## - KONU KATMA GİRİŞ - TOPİKAL DÖNEM
Topikal Süreli Veya Coğrafi Ad Giriş Elemanı Çocuk refahı
Genel Alt Bölümü Türkiye
Coğrafi Alt Bölümü İstanbul
650 ## - KONU KATMA GİRİŞ - TOPİKAL DÖNEM
Topikal Süreli Veya Coğrafi Ad Giriş Elemanı Çocuklar
Genel Alt Bölümü Türkiye
Kronolojik Alt Bölümü Sosyal durum
700 ## - KATMA GİRİŞ - KİŞİSEL İSİM
Kişisel Ad Uran, Şaylan
700 ## - KATMA GİRİŞ - KİŞİSEL İSİM
Kişisel Ad Oy, Burcu
700 ## - KATMA GİRİŞ - KİŞİSEL İSİM
Kişisel Ad Kılıç, Zeynep
700 ## - KATMA GİRİŞ - KİŞİSEL İSİM
Kişisel Ad Akkan, Başak Ekim
700 ## - KATMA GİRİŞ - KİŞİSEL İSİM
Kişisel Ad Karatay, Abdullah
700 ## - KATMA GİRİŞ - KİŞİSEL İSİM
Kişisel Ad Müderrisoğlu, Serra
740 ## - KATMA GİRİŞ - KONTROLSUZ İLGİLİ / ANALİTİK BAŞLIK
Kontrol Edilmeyen / İlgili Analitik Başlıktaki İstanbul örneği
942 ## - EKLENDİ GİRİŞ ELEMANLARI (KOHA)
Sınıflandırma Veya Raf Düzeni Kaynak Dewey Decimal Classification
Koha Öğesi Türü Books
999 ## - SİSTEM KONTROL NUMARALARI (KOHA)
Koha Biblionumber 2109
Koha Biblioitemnumber 2109
Holdings
Kalıcı Konum Mevcut Konum Edinme Tarihi Edinim Kaynak Toplam Check-Out'Lar Tam Çağrı Numarası Barkod Tarih Son Görülme İtibaren Geçerli Fiyatlar Koha Öğesi Türü
CHP Kütüphanesi CHP Kütüphanesi 09/19/2017 Bağış   362.07 S35e 2012 017364 09/19/2017 09/19/2017 Books